[Event "XV C.to Mondiale seniores"]
[Site "Lignano Sabbiadoro ITA"]
[Date "2005.10.01"]
[Round "4"]
[White "Karasev, Vladimir I."]
[Black "Vasiukov, Evgeni A."]
[Result "0-1"]
[WhiteElo "2390"]
[BlackElo "2495"]
[PlyCount "110"]
[EventDate "2005.09.28"]

1. d4 f5 2. c4 Nf6 3. Nc3 g6 4. g3 Bg7 5. Bg2 O-O 6. Nf3 d6 7. O-O c6 8. d5 e5
9. dxe6 Bxe6 10. b3 Na6 11. Nd4 Bf7 12. Rb1 d5 13. cxd5 Nxd5 14. Nxd5 Bxd5 15.
Bb2 Re8 16. e3 Nb4 17. Bxd5+ Nxd5 18. b4 Qd6 19. Ne2 Bxb2 20. Rxb2 Rad8 21. Qb3
Qe6 22. Rd1 Nc7 23. Rxd8 Rxd8 24. Nd4 Qxb3 25. Rxb3 Kf7 26. a4 Ne6 27. Nxe6
Kxe6 28. h3 Rd1+ 29. Kg2 Kd5 30. Rc3 Rb1 31. Rc5+ Kd6 32. Rc4 b6 33. Rd4+ Kc7
34. Rh4 h5 35. Rc4 Ra1 36. b5 c5 37. e4 fxe4 38. Rxe4 Kd6 39. f4 Ra2+ 40. Kf3
Ra3+ 41. Kf2 h4 42. gxh4 Rxh3 43. Re8 Rxh4 44. Kg3 Rh1 45. Rd8+ Ke6 46. Ra8 Rh7
47. Rg8 Kf5 48. Rc8 Rd7 49. a5 Rd3+ 50. Kh4 Kxf4 51. Rf8+ Ke5 52. Re8+ Kd5 53.
axb6 axb6 54. Rg8 c4 55. Rxg6 Kc5 0-1

[Event "XV C.to Mondiale seniores"]
[Site "Lignano Sabbiadoro ITA"]
[Date "2005.10.01"]
[Round "4"]
[White "Kristiansen, Erling"]
[Black "Bernhoeft, Erhard"]
[Result "1/2-1/2"]
[WhiteElo "2266"]
[BlackElo "2079"]
[PlyCount "68"]
[EventDate "2005.09.28"]

1. e4 c5 2. Nf3 e6 3. d3 d6 4. g3 Nf6 5. Bg2 Be7 6. O-O O-O 7. Nc3 Nc6 8. d4
cxd4 9. Nxd4 Bd7 10. Ndb5 Ne8 11. Be3 a6 12. Nd4 Ne5 13. b3 Rc8 14. Nce2 Qc7
15. c4 Bf6 16. h3 Nc6 17. Qd2 Qa5 18. Qxa5 Nxa5 19. Rac1 Nc6 20. Rfd1 Nxd4 21.
Nxd4 g6 22. c5 e5 23. Nf3 Rc6 24. cxd6 Ng7 25. Rxc6 Bxc6 26. Nd2 Rd8 27. Nc4 b5
28. Na5 Ba8 29. Bb6 Rf8 30. d7 Ne6 31. Rc1 Bd8 32. Bxd8 Rxd8 33. Rc8 Kf8 34. f4
Ke7 1/2-1/2

[Event "XV C.to Mondiale seniores"]
[Site "Lignano Sabbiadoro ITA"]
[Date "2005.10.01"]
[Round "4"]
[White "Kummer, Heinz"]
[Black "Blaushtain, Boris"]
[Result "1/2-1/2"]
[WhiteElo "1998"]
[BlackElo "2170"]
[PlyCount "39"]
[EventDate "2005.09.28"]

1. e4 e6 2. d4 d5 3. Nc3 Nf6 4. Bg5 dxe4 5. Nxe4 Be7 6. Bxf6 gxf6 7. Nf3 b6 8.
Bc4 Bb7 9. Qd3 Nd7 10. O-O-O f5 11. Ng3 Bd6 12. Nxf5 Bf4+ 13. Kb1 Qf6 14. Ng3
h5 15. Rhe1 O-O-O 16. Ne4 Qf5 17. Ba6 Qa5 18. Bxb7+ Kxb7 19. Qc3 Qd5 20. Qb3
1/2-1/2

[Event "XV C.to Mondiale seniores"]
[Site "Lignano Sabbiadoro ITA"]
[Date "2005.10.01"]
[Round "4"]
[White "Laco, Giuseppe"]
[Black "Zhelesny, Stanislav"]
[Result "1/2-1/2"]
[WhiteElo "2104"]
[BlackElo "2277"]
[PlyCount "186"]
[EventDate "2005.09.28"]

1. c4 Nf6 2. Nc3 g6 3. e4 d6 4. d4 Bg7 5. f3 Nbd7 6. Be3 e5 7. d5 a5 8. a3 b6
9. b4 O-O 10. b5 Nc5 11. g4 Ne8 12. h4 f5 13. g5 Rf7 14. Nh3 Bf8 15. Nf2 Ng7
16. Rg1 Nh5 17. Qc2 Bg7 18. O-O-O Bd7 19. Bxc5 bxc5 20. Bd3 Qf8 21. Rdf1 fxe4
22. Bxe4 Bf5 23. Qd1 Kh8 24. Ng4 Qe7 25. Ne3 Bxe4 26. Nxe4 Rf4 27. Ng4 Raf8 28.
Kd2 Qd7 29. Ke3 R4f7 30. Qd2 Ra8 31. Ngf2 Raf8 32. Nd3 Nf4 33. Ne1 Ra8 34. Rg4
Nh5 35. Rfg1 Rf4 36. Nd3 Rf7 37. Qh2 Raf8 38. Ne1 Rf4 39. Qd2 Ra8 40. Nd3 Rf7
41. a4 Raf8 42. Ne1 Ra8 43. Qh2 Raf8 44. R1g2 Nf4 45. Ra2 Nh5 46. Qg1 Rf4 47.
Qg2 Qc8 48. Ra3 R4f7 49. Kd2 Rf4 50. Kc2 Qd7 51. Re3 R4f7 52. Kb3 Rf4 53. Ka3
R4f7 54. Nd2 Nf4 55. Qg1 e4 56. Rxe4 Bc3 57. Qe3 Bb4+ 58. Ka2 Nh5 59. Re6 Ng7
60. Rge4 Nf5 61. Qd3 Kg8 62. h5 Rg7 63. h6 Rgf7 64. Nc2 Bxd2 65. Qxd2 Ng3 66.
Re1 Rxf3 67. Re7 Qg4 68. Ne3 Qxg5 69. Rg7+ Kh8 70. Qc3 Qf6 71. Qxf6 R3xf6 72.
Rxc7 Rf2+ 73. Ka3 Rd2 74. Rd1 Re2 75. Rd3 Kg8 76. b6 Nf1 77. Rg7+ Kh8 78. Re7
Nd2 79. Rxd2 Rxd2 80. b7 Re2 81. Kb3 Rb8 82. Kc3 Rf8 83. Kd3 Rb2 84. Rd7 Kg8
85. Ng4 Rb3+ 86. Kc2 Rb4 87. Rg7+ Kh8 88. Ne3 Rb8 89. Rd7 R4xb7 90. Rxd6 Rb2+
91. Kd3 R2b4 92. Rd7 R4b7 93. Rd6 Rb6 1/2-1/2

[Event "XV C.to Mondiale seniores"]
[Site "Lignano Sabbiadoro ITA"]
[Date "2005.10.01"]
[Round "4"]
[White "Loktiev, Ivan"]
[Black "Ljubarskij, Juri"]
[Result "1/2-1/2"]
[WhiteElo "2396"]
[BlackElo "2290"]
[PlyCount "72"]
[EventDate "2005.09.28"]

1. d4 Nf6 2. c4 e5 3. dxe5 Ng4 4. Nf3 Nc6 5. Nc3 Ngxe5 6. Nxe5 Nxe5 7. e3 d6 8.
Be2 g6 9. O-O Bg7 10. Qc2 O-O 11. b3 Re8 12. Bb2 Be6 13. Rfd1 Qh4 14. Bf1 Bg4
15. Rd2 g5 16. f4 Ng6 17. g3 Qh5 18. Nd5 gxf4 19. Bxg7 Kxg7 20. exf4 Ne5 21.
fxe5 Rxe5 22. Nxc7 Rc8 23. Rxd6 Rxc7 24. Qf2 Qg5 25. Qd2 Qxd2 26. Rxd2 Be6 27.
Re2 Kf6 28. Rxe5 Kxe5 29. Kf2 Kd4 30. Rc1 a5 31. Ke1 Rc5 32. Kd2 Rf5 33. Rd1
Kc5 34. Ke3 Re5+ 35. Kf4 Rf5+ 36. Ke3 Re5+ 1/2-1/2

[Event "XV C.to Mondiale seniores"]
[Site "Lignano Sabbiadoro ITA"]
[Date "2005.10.01"]
[Round "4"]
[White "MacDonald-Ross, Michael"]
[Black "Weinberg, Emanuele"]
[Result "1-0"]
[WhiteElo "2233"]
[BlackElo "1927"]
[PlyCount "75"]
[EventDate "2005.09.28"]

1. d4 Nf6 2. Nf3 e6 3. e3 b6 4. Bd3 Bb7 5. O-O c5 6. c4 Nc6 7. Nc3 Be7 8. d5
Nb4 9. Be2 exd5 10. a3 d4 11. exd4 cxd4 12. Nxd4 Nc6 13. Nf5 O-O 14. Bg5 Ne8
15. Nxe7+ Nxe7 16. Bf3 Bxf3 17. Qxf3 f6 18. Be3 Rc8 19. b3 Nd6 20. Rfd1 Ndf5
21. Bf4 Kh8 22. h3 Nc6 23. Nb5 a6 24. Nd6 Nxd6 25. Rxd6 Qe7 26. Rad1 Rfd8 27.
Qe3 Ne5 28. Bxe5 fxe5 29. Qxb6 Rf8 30. Rxd7 Qxa3 31. Qe3 Rce8 32. Qg5 Rg8 33.
Rb7 Qc5 34. Rdd7 Ref8 35. Qg3 e4 36. Rxg7 Qf5 37. Rxg8+ Rxg8 38. Qc3+ 1-0

[Event "XV C.to Mondiale seniores"]
[Site "Lignano Sabbiadoro ITA"]
[Date "2005.10.01"]
[Round "4"]
[White "Maugg, Ludwig"]
[Black "Pagnutti, Lorenzo"]
[Result "1-0"]
[WhiteElo "2125"]
[BlackElo "2014"]
[PlyCount "87"]
[EventDate "2005.09.28"]

1. d4 Nf6 2. c4 g6 3. Nc3 Bg7 4. e4 O-O 5. Nf3 d6 6. Be2 e5 7. O-O Nbd7 8. Re1
a5 9. Bf1 b6 10. Rb1 Bb7 11. d5 Nc5 12. b3 Bc8 13. a3 h6 14. b4 axb4 15. axb4
Ncxe4 16. Nxe4 Nxe4 17. Rxe4 Bf5 18. Bd3 Bxe4 19. Bxe4 f5 20. Bc2 g5 21. Bb2
Ra2 22. Nd2 g4 23. Bb3 Ra8 24. Rc1 Rf6 25. c5 bxc5 26. bxc5 Bf8 27. Nc4 Kh7 28.
f4 gxf3 29. Qxf3 Qb8 30. cxd6 cxd6 31. Bc2 Ra2 32. Bxf5+ Kh8 33. Rc2 Qb4 34. g4
Qc5+ 35. Ne3 Qb6 36. Qf2 Ra4 37. Nc4 Qb3 38. Nxe5 dxe5 39. Bxe5 Be7 40. Rc8+
Kg7 41. Qd2 Qb6+ 42. Kg2 Qb5 43. Bxf6+ Bxf6 44. Rc7+ 1-0

[Event "XV C.to Mondiale seniores"]
[Site "Lignano Sabbiadoro ITA"]
[Date "2005.10.01"]
[Round "4"]
[White "Mayers, Dan E."]
[Black "Loda', Domenico"]
[Result "1-0"]
[WhiteElo "2011"]
[BlackElo "1659"]
[PlyCount "77"]
[EventDate "2005.09.28"]

1. e4 c5 2. d4 cxd4 3. c3 dxc3 4. Nxc3 d6 5. Bc4 Nc6 6. f4 Nf6 7. e5 dxe5 8.
Qxd8+ Nxd8 9. fxe5 Ng4 10. Bf4 e6 11. h3 Nh6 12. O-O-O a6 13. Nf3 b5 14. Bd3
Bb7 15. Kb1 g6 16. Ne4 Bxe4 17. Bxe4 Rc8 18. Bg5 Nf5 19. Rxd8+ Rxd8 20. Bc6+
Rd7 21. Rd1 Bd6 22. Bf6 Rg8 23. g4 Ne7 24. Bxd7+ Kxd7 25. Rxd6+ Ke8 26. Ng5 h5
27. Ne4 hxg4 28. hxg4 g5 29. Bxg5 Rg6 30. Nf6+ Kf8 31. Rd8+ Kg7 32. Nh5+ Kh7
33. Bxe7 f5 34. g5 a5 35. Bf6 Rg8 36. g6+ Kxg6 37. Rxg8+ Kxh5 38. Kc2 f4 39.
Kd3 1-0

[Event "XV C.to Mondiale seniores"]
[Site "Lignano Sabbiadoro ITA"]
[Date "2005.10.01"]
[Round "4"]
[White "Miessner, Rolf"]
[Black "Bue, Gunnar"]
[Result "1/2-1/2"]
[WhiteElo "1773"]
[BlackElo "1901"]
[PlyCount "42"]
[EventDate "2005.09.28"]

1. e4 d6 2. d4 Nf6 3. Nc3 g6 4. Be2 Bg7 5. Be3 O-O 6. f4 c5 7. dxc5 Qa5 8. Qd2
dxc5 9. Rd1 Nc6 10. e5 Ng4 11. Nf3 Rd8 12. Qc1 Rxd1+ 13. Bxd1 f6 14. Bd2 fxe5
15. h3 Nh6 16. fxe5 Nf7 17. O-O Ncxe5 18. Ne4 Qb6 19. Nxe5 Bxe5 20. Bc3 c4+ 21.
Kh1 Bxc3 1/2-1/2

[Event "XV C.to Mondiale seniores"]
[Site "Lignano Sabbiadoro ITA"]
[Date "2005.10.01"]
[Round "4"]
[White "Neudel, Bernd"]
[Black "Rosenfeld, Imre"]
[Result "1/2-1/2"]
[WhiteElo "1904"]
[BlackElo "2047"]
[PlyCount "141"]
[EventDate "2005.09.28"]

1. d4 d5 2. Nf3 Nf6 3. c4 e6 4. Nc3 Nbd7 5. Bg5 c6 6. e3 Qa5 7. Nd2 dxc4 8.
Bxf6 Nxf6 9. Bxc4 e5 10. Qb3 Qc7 11. d5 Bd6 12. dxc6 bxc6 13. Qc2 O-O 14. e4
Nd7 15. O-O Nb6 16. Be2 Qe7 17. Nf3 Bb7 18. Rfd1 Rad8 19. Rd2 Bb8 20. Rad1 Rxd2
21. Rxd2 Rd8 22. h3 Rxd2 23. Qxd2 Qd6 24. Qc2 Kf8 25. Qb3 Bc8 26. Qc2 f6 27.
Nd1 Be6 28. b3 Bc7 29. Ne3 Bc8 30. Nc4 Nxc4 31. Bxc4 Bb6 32. Be2 Qc5 33. Qxc5+
Bxc5 34. Nd2 Ke7 35. Kf1 Bb6 36. Nc4 Be6 37. f3 Kd7 38. Bd3 Bc5 39. Ke2 Bb4 40.
Ke3 Ke7 41. Ke2 Bc5 42. Kd2 Bb6 43. Ke2 Bc7 44. Ke3 Kf7 45. Ke2 Kg6 46. Kf2 Kg5
47. Kf1 g6 48. Kf2 h5 49. Ke2 f5 50. Nb2 fxe4 51. Bxe4 Bd5 52. Bd3 Kf6 53. Nc4
g5 54. Nd2 Bd8 55. Ne4+ Ke6 56. Nc5+ Kd6 57. Ne4+ Kc7 58. Nd2 Kd7 59. Bg6 h4
60. Bd3 Ke6 61. Nc4 Bc7 62. Nd2 Bd6 63. Nc4 Bb4 64. Ke3 Be1 65. Ke2 Bg3 66. Ke3
Kd7 67. Bf5+ Kc7 68. Bd3 Be6 69. Ke2 Bf4 70. Kd1 Bd5 71. Ke2 1/2-1/2

[Event "XV C.to Mondiale seniores"]
[Site "Lignano Sabbiadoro ITA"]
[Date "2005.10.01"]
[Round "4"]
[White "Neumann, Horst"]
[Black "Samarian, Cornel"]
[Result "1-0"]
[WhiteElo "2003"]
[BlackElo "1673"]
[PlyCount "71"]
[EventDate "2005.09.28"]

1. d4 d6 2. Bf4 g6 3. Nf3 Bg7 4. e3 e6 5. Bd3 Ne7 6. c3 b6 7. Nbd2 Bb7 8. O-O
Nd7 9. Rc1 O-O 10. e4 a5 11. h3 Ba6 12. c4 e5 13. Be3 c5 14. d5 Nf6 15. Be2 Bc8
16. Nh2 Ne8 17. Bg5 f6 18. Bh4 f5 19. exf5 Bxf5 20. g4 Bc8 21. Ne4 Nf6 22. Bd3
Nxe4 23. Bxe4 Qe8 24. Qd2 Rf7 25. Rc3 Kh8 26. f4 exf4 27. Rcf3 Be5 28. Bg5 Nc6
29. Bxf4 Bxf4 30. Rxf4 Rxf4 31. Qxf4 Ne7 32. Qxd6 Kg8 33. Bg2 Ra7 34. Qf6 Bd7
35. d6 Bc6 36. dxe7 1-0

[Event "XV C.to Mondiale seniores"]
[Site "Lignano Sabbiadoro ITA"]
[Date "2005.10.01"]
[Round "4"]
[White "Ousatchi, Mark"]
[Black "Jakobsen, Ole"]
[Result "0-1"]
[WhiteElo "2169"]
[BlackElo "2385"]
[PlyCount "164"]
[EventDate "2005.09.28"]

1. d4 Nf6 2. Nf3 e6 3. Bg5 h6 4. Bxf6 Qxf6 5. e4 d6 6. Nc3 Qd8 7. Qd2 g6 8. Bc4
Bg7 9. O-O O-O 10. Rad1 Nd7 11. Rfe1 a6 12. a4 b6 13. Qe3 Bb7 14. Ne2 d5 15.
exd5 exd5 16. Bd3 c5 17. c3 Re8 18. Qf4 c4 19. Bc2 Qb8 20. Qd2 Qd6 21. Ng3 Bc6
22. h4 h5 23. Re3 Nf8 24. Rxe8 Rxe8 25. Re1 Rxe1+ 26. Qxe1 Qd7 27. Qd1 Qe8 28.
Kf1 Bd7 29. Ne2 Bg4 30. Nh2 Bd7 31. Nf3 Bc6 32. g3 Nd7 33. Nf4 Bh6 34. Qe2
Qxe2+ 35. Nxe2 Kf8 36. Ne5 Nb8 37. f4 Ke8 38. Ke1 Nd7 39. Kf2 Nf6 40. Kf3 Ke7
41. Ke3 Kd6 42. Ng1 Nh7 43. Ke2 Nf8 44. Kd1 f6 45. Nef3 Ne6 46. Ne2 Ng7 47. Ke1
Nf5 48. Kf2 Ke6 49. b3 cxb3 50. Bxb3 Nd6 51. Nd2 b5 52. axb5 Bxb5 53. Bc2 Nf5
54. Nb3 Bf8 55. Nbc1 Kf7 56. Nd3 Nd6 57. Nc5 f5 58. Ke3 Nc4+ 59. Kf2 a5 60. Nc1
Nb6 61. Bd3 Bc4 62. Bc2 Bb5 63. Ke3 a4 64. Bd3 Nc4+ 65. Bxc4 dxc4 66. Kd2 Bxc5
67. dxc5 Ke6 68. Ne2 Kd5 69. Nd4 Kxc5 70. Kc2 Bd7 71. Kb2 Kd5 72. Nf3 Ke4 73.
Ne5 Be8 74. Ka3 Ke3 75. Nxc4+ Kf3 76. Nd6 Bd7 77. Nf7 Kxg3 78. c4 Kxh4 79. Ne5
Be8 80. c5 Kg3 81. c6 Bxc6 82. Nxc6 h4 0-1

[Event "XV C.to Mondiale seniores"]
[Site "Lignano Sabbiadoro ITA"]
[Date "2005.10.01"]
[Round "4"]
[White "Peierl, Walter"]
[Black "Somogyi, Istvan"]
[Result "0-1"]
[WhiteElo "2096"]
[BlackElo "2242"]
[PlyCount "136"]
[EventDate "2005.09.28"]

1. e4 c5 2. d4 cxd4 3. c3 dxc3 4. Nxc3 Nc6 5. Nf3 d6 6. Bc4 Nf6 7. O-O a6 8.
Qe2 Bg4 9. Rd1 Qc8 10. Bb3 e6 11. Bf4 e5 12. Be3 Be7 13. Na4 Rb8 14. Rac1 Bxf3
15. gxf3 Qh3 16. Kh1 O-O 17. Rg1 Nd4 18. Bxd4 exd4 19. Nb6 Bd8 20. Nd5 Qh6 21.
Rcd1 Nxd5 22. Bxd5 Bf6 23. Rg2 Be5 24. Qf1 Rbc8 25. Qg1 Qf6 26. Rc1 Qxf3 27.
Rxc8 Rxc8 28. Bxb7 Rc5 29. Bxa6 g6 30. Qf1 Bf4 31. Be2 Qxe4 32. f3 Qe3 33. Bd1
d3 34. b4 Rc1 35. b5 d2 36. Rg1 Qa3 37. Qe2 Qxa2 38. b6 Qb1 39. Qe8+ Kg7 40.
Qa4 Be3 41. Rf1 Qxb6 42. Kg2 Qc5 43. h4 d5 44. Qe8 d4 45. Bb3 Qf5 46. Bd1 Qf6
47. Qe4 h5 48. Kh3 Rc5 49. f4 Rc3 50. Kg2 Qxh4 51. Qe5+ Qf6 52. Qxf6+ Kxf6 53.
f5 Kg5 54. fxg6 fxg6 55. Kf3 h4 56. Ke4 h3 57. Rh1 Rc1 58. Kf3 h2 59. Rf1 Bg1
60. Kg2 Kh6 61. Kh1 g5 62. Kg2 g4 63. Kh1 Kg5 64. Kg2 Kh4 65. Kh1 g3 66. Kg2
Bf2 67. Rh1 Kg5 68. Kf3 Bg1 0-1

[Event "XV C.to Mondiale seniores"]
[Site "Lignano Sabbiadoro ITA"]
[Date "2005.10.01"]
[Round "4"]
[White "Profaizer, Gino"]
[Black "Harito, Roberto"]
[Result "1-0"]
[WhiteElo "2017"]
[BlackElo "1733"]
[PlyCount "50"]
[EventDate "2005.09.28"]

1. d4 Nf6 2. c4 e6 3. Nc3 b6 4. e4 d5 5. cxd5 exd5 6. exd5 Nxd5 7. Bc4 Be6 8.
Qb3 c6 9. a4 Be7 10. Nf3 O-O 11. O-O Nc7 12. Bf4 Nd5 13. Be5 Qd7 14. Ne4 h6 15.
h3 Bf6 16. Bd6 Rd8 17. Ne5 Bxe5 18. Bxe5 Qe7 19. Qg3 f6 20. Bd6 Qf7 21. Rfe1
Nd7 22. Ba3 Bf5 23. Nd6 Qg6 24. Qf3 Bxh3 25. Qxh3 c5 1-0

[Event "XV C.to Mondiale seniores"]
[Site "Lignano Sabbiadoro ITA"]
[Date "2005.10.01"]
[Round "4"]
[White "Rotelli, Pietro"]
[Black "Karl, Hans"]
[Result "1/2-1/2"]
[WhiteElo "2001"]
[BlackElo "2290"]
[PlyCount "116"]
[EventDate "2005.09.28"]

1. d4 Nf6 2. c4 g6 3. Nc3 Bg7 4. e4 d6 5. Nf3 O-O 6. Be3 Nbd7 7. Be2 c6 8. O-O
e5 9. d5 c5 10. Nd2 Ne8 11. a3 f5 12. f3 f4 13. Bf2 Ndf6 14. b4 b6 15. Rb1 g5
16. bxc5 bxc5 17. Rb3 h5 18. h3 Rf7 19. Qc2 g4 20. fxg4 hxg4 21. hxg4 Bxg4 22.
Bh4 Qd7 23. Rfb1 Bxe2 24. Nxe2 Qg4 25. Nf3 Bf8 26. Rb7 Nd7 27. Nc3 Be7 28. Qf2
Bxh4 29. Qxh4 Qxh4 30. Nxh4 Nb6 31. Rxf7 Kxf7 32. Nf5 Rc8 33. Nb5 Nxc4 34. Nxa7
Rc7 35. Nb5 Rb7 36. a4 Kf6 37. Rc1 Ne3 38. Nxe3 fxe3 39. Re1 Rb6 40. Rxe3 Ra6
41. Ra3 Kg5 42. g3 Kg4 43. Kg2 Nf6 44. a5 Nd7 45. Kf2 c4 46. Rc3 Rxa5 47. Nxd6
Ra2+ 48. Ke3 Kxg3 49. Nxc4 Kg4 50. Nd2 Kg5 51. Rc7 Ra3+ 52. Ke2 Nf6 53. d6 Ra8
54. Kd3 Rd8 55. Nc4 Ne8 56. Re7 Nxd6 57. Rxe5+ Kf6 58. Rd5 Nf7 1/2-1/2

[Event "XV C.to Mondiale seniores"]
[Site "Lignano Sabbiadoro ITA"]
[Date "2005.10.01"]
[Round "4"]
[White "Scarpellini, Felice"]
[Black "Krasevec, Viktor"]
[Result "0-1"]
[WhiteElo "1942"]
[BlackElo "2065"]
[PlyCount "64"]
[EventDate "2005.09.28"]

1. c4 e6 2. Nc3 Nf6 3. g3 d5 4. cxd5 exd5 5. d4 c6 6. Nf3 Bd6 7. Bg2 O-O 8. O-O
Re8 9. a3 Nbd7 10. Bg5 h6 11. Bxf6 Nxf6 12. b4 Qe7 13. Qb3 Ne4 14. e3 Bg4 15.
Ra2 Qf6 16. Nd2 Ng5 17. h4 Nh3+ 18. Bxh3 Bxh3 19. Re1 Bf5 20. Qd1 Qg6 21. Qf3
Re7 22. Nb3 Rae8 23. Nc5 b6 24. Nb3 Bg4 25. Qg2 Qf5 26. Nc1 Bh3 27. Qh2 g5 28.
N3e2 Re4 29. Nf4 gxf4 30. Nd3 fxg3 31. fxg3 Bxg3 32. Qxg3+ Rg4 0-1

[Event "XV C.to Mondiale seniores"]
[Site "Lignano Sabbiadoro ITA"]
[Date "2005.10.01"]
[Round "4"]
[White "Serra Olives, Tomas"]
[Black "Korhonen, Erkki"]
[Result "1-0"]
[WhiteElo "2128"]
[BlackElo "2031"]
[PlyCount "55"]
[EventDate "2005.09.28"]

1. e4 c5 2. Nf3 Nc6 3. d4 cxd4 4. Nxd4 Nf6 5. Nc3 e5 6. Ndb5 d6 7. Bg5 a6 8.
Na3 b5 9. Bxf6 gxf6 10. Nd5 Bg7 11. Bd3 Ne7 12. Nxe7 Qxe7 13. c4 f5 14. O-O O-O
15. Qe2 b4 16. Nc2 fxe4 17. Qxe4 f5 18. Qxa8 e4 19. Be2 Be5 20. f3 exf3 21.
Bxf3 Kh8 22. Rae1 Qh4 23. Rxe5 dxe5 24. b3 Rg8 25. Qd5 e4 26. Qe5+ Rg7 27. g3
exf3 28. Qxg7+ 1-0

[Event "XV C.to Mondiale seniores"]
[Site "Lignano Sabbiadoro ITA"]
[Date "2005.10.01"]
[Round "4"]
[White "Sevenyuk, Alexey"]
[Black "Gardi, Giuseppe"]
[Result "1/2-1/2"]
[WhiteElo "1836"]
[BlackElo "2099"]
[PlyCount "94"]
[EventDate "2005.09.28"]

1. Nf3 g6 2. c4 Bg7 3. d4 d6 4. g3 e5 5. dxe5 dxe5 6. Qxd8+ Kxd8 7. Nc3 c6 8.
Ne4 Kc7 9. c5 f6 10. Nd6 Ne7 11. Nxc8 Kxc8 12. Bh3+ Kc7 13. e4 Na6 14. Be3 Rhd8
15. a3 Ng8 16. O-O Bh6 17. Bxh6 Nxh6 18. b4 Rd3 19. Kg2 Rad8 20. Be6 Nb8 21.
Bc4 Rc3 22. Rfc1 Rxc1 23. Rxc1 Nd7 24. Rd1 Nf8 25. Rxd8 Kxd8 26. Nd2 Kd7 27. f4
Ng4 28. Bg8 Ne3+ 29. Kf3 Nc2 30. fxe5 fxe5 31. Nc4 Ke7 32. Nxe5 Nxa3 33. h4 Nc2
34. Nd3 h6 35. Kf4 Ne6+ 36. Ke5 Ncd4 37. Bxe6 Nxe6 38. Nf4 Nf8 39. Nd3 Nd7+ 40.
Kf4 b6 41. cxb6 axb6 42. Ne5 Nxe5 43. Kxe5 Kd7 44. g4 Ke7 45. g5 h5 46. Kd4 Ke6
47. e5 Kd7 1/2-1/2

[Event "XV C.to Mondiale seniores"]
[Site "Lignano Sabbiadoro ITA"]
[Date "2005.10.01"]
[Round "4"]
[White "Smits, Oswald"]
[Black "Seuss, Oswald"]
[Result "0-1"]
[WhiteElo "1962"]
[BlackElo "2080"]
[PlyCount "144"]
[EventDate "2005.09.28"]

1. d4 Nf6 2. c4 g6 3. Nc3 Bg7 4. e4 d6 5. Nf3 O-O 6. Be2 e5 7. dxe5 dxe5 8.
Qxd8 Rxd8 9. Bg5 Re8 10. Nb5 Na6 11. Nd2 c6 12. Nd6 Rd8 13. Nxc8 Raxc8 14. O-O
Nb4 15. f3 h6 16. Bxf6 Bxf6 17. Nb3 Bg5 18. g3 Be3+ 19. Kg2 a5 20. a4 Nc2 21.
Rab1 b6 22. Kh3 Bd4 23. f4 Kg7 24. Rf3 c5 25. f5 Rc6 26. g4 Rcd6 27. Nc1 Be3
28. Nb3 Bg5 29. Kg3 Nd4 30. Nxd4 Rxd4 31. fxg6 fxg6 32. Rb3 R8d6 33. h4 Rxe4
34. hxg5 Rxe2 35. gxh6+ Kxh6 36. Kf3 Rc2 37. Re3 Rxc4 38. Rxe5 Rd3+ 39. Ke2 Rb3
40. Rh1+ Kg7 41. g5 Rxb2+ 42. Kd3 Rd4+ 43. Kc3 Rf2 44. Re6 Rf3+ 45. Kc2 Rd5 46.
Rxb6 Rxg5 47. Rb5 Rg2+ 48. Kb1 c4 49. Rc1 c3 50. Rxa5 Rb2+ 51. Ka1 Rb4 52. Rc2
Kf6 53. Ka2 g5 54. Ka3 Rc4 55. Ra8 Ke5 56. Kb3 Rc7 57. Re2+ Kd4 58. Rd8+ Kc5
59. Re5+ Kb6 60. Rb5+ Ka7 61. Ra5+ Kb7 62. Rb5+ Kc6 63. Kc2 g4 64. Rg8 g3 65.
Rbg5 Re7 66. Rc8+ Rc7 67. Rcg8 Kd7 68. R5g7+ Kd6 69. Rd8+ Kc6 70. Rg6+ Kb7 71.
Rdg8 Rf2+ 72. Kc1 c2 0-1

[Event "XV C.to Mondiale seniores"]
[Site "Lignano Sabbiadoro ITA"]
[Date "2005.10.01"]
[Round "4"]
[White "Standal, Bard"]
[Black "Ollek, Karl Heinz"]
[Result "1/2-1/2"]
[WhiteElo "1937"]
[BlackElo "1807"]
[PlyCount "44"]
[EventDate "2005.09.28"]

1. Nf3 Nf6 2. d3 g6 3. Nbd2 Bg7 4. e4 d6 5. g3 c5 6. Bg2 Nc6 7. c3 O-O 8. O-O
e5 9. Qe2 Qc7 10. Re1 Bg4 11. h3 Be6 12. Nf1 Rac8 13. N1h2 Qd7 14. Ng5 b5 15.
Nxe6 Qxe6 16. Be3 a6 17. Bf3 Rc7 18. Ng4 Ne8 19. Nh6+ Bxh6 20. Bxh6 Ng7 21. g4
f6 22. Be3 Kh8 1/2-1/2

[Event "XV C.to Mondiale seniores"]
[Site "Lignano Sabbiadoro ITA"]
[Date "2005.10.01"]
[Round "4"]
[White "Strenzwilk, Denis"]
[Black "Akopian, Gagik"]
[Result "0-1"]
[WhiteElo "2104"]
[BlackElo "2258"]
[PlyCount "114"]
[EventDate "2005.09.28"]

1. e4 e6 2. d4 d5 3. Nc3 Bb4 4. e5 c5 5. Qg4 Ne7 6. dxc5 Nbc6 7. Bd2 Ng6 8. Nf3
Bxc5 9. Bd3 Kf8 10. Qg3 Nb4 11. O-O Nxd3 12. cxd3 Bd7 13. Rac1 Bb6 14. Rfe1 h6
15. Ne2 Kg8 16. Ned4 Rc8 17. Bc3 Kh7 18. h4 Re8 19. h5 Ne7 20. Qf4 Bxd4 21.
Nxd4 Kg8 22. g4 Rf8 23. Bb4 Rxc1 24. Rxc1 Re8 25. Bxe7 Rxe7 26. g5 Kh7 27. gxh6
gxh6 28. Kh2 f5 29. exf6 Rf7 30. Rc7 Qg8 31. Nf3 Be8 32. Re7 Rxe7 33. fxe7 Bxh5
34. Ne5 Qg7 35. Nd7 Qxe7 36. Nf6+ Kg6 37. Nxh5 Kxh5 38. Kh3 Kg6 39. Qg4+ Kh7
40. f4 Qf6 41. Qe2 Kg6 42. Qg4+ Kf7 43. Qh5+ Ke7 44. Kg3 Kd7 45. b3 a5 46. a4
b6 47. d4 Ke7 48. Qd1 Qg6+ 49. Kh4 Qe4 50. Qc1 Kf6 51. Qc7 Kg6 52. Qb8 Qxd4 53.
Qe8+ Kf5 54. Qh5+ Kxf4 55. Qf7+ Ke3+ 56. Kh5 Qe5+ 57. Kxh6 Qf4+ 0-1

[Event "XV C.to Mondiale seniores"]
[Site "Lignano Sabbiadoro ITA"]
[Date "2005.10.01"]
[Round "4"]
[White "Tavcar, Rado"]
[Black "Dinser, Hans"]
[Result "1-0"]
[WhiteElo "2110"]
[BlackElo "1997"]
[PlyCount "170"]
[EventDate "2005.09.28"]

1. e4 c5 2. Nf3 Nc6 3. d4 cxd4 4. Nxd4 Nf6 5. Nc3 e5 6. Ndb5 d6 7. Bg5 a6 8.
Na3 Be6 9. Bxf6 gxf6 10. Nc4 f5 11. exf5 Bxf5 12. Ne3 Be6 13. Bc4 Qg5 14. Ncd5
Qd8 15. c3 Rc8 16. Qf3 Bg7 17. Bb3 Qg5 18. h4 Qd8 19. Rd1 O-O 20. Nf5 Bxf5 21.
Qxf5 Ne7 22. Nxe7+ Qxe7 23. Bc2 e4 24. Bxe4 Rfe8 25. Qxh7+ Kf8 26. f3 Qe5 27.
O-O Qg3 28. Qf5 Qxh4 29. Qh3 Qe7 30. Rd5 Rc5 31. Rfd1 Rxd5 32. Rxd5 Qc7 33. Qg3
Re5 34. Qf2 Rxd5 35. Bxd5 b6 36. Qe3 Qc5 37. Qxc5 dxc5 38. Kf2 Ke7 39. Ke3 Be5
40. Ke4 Bg3 41. Bb7 a5 42. Kd5 Kd7 43. Bc6+ Kc7 44. Bb5 f5 45. Bd3 f4 46. Ke5
Kc6 47. a4 Kc7 48. Bb5 Bh2 49. Kf5 Bg3 50. Bf1 Kd6 51. b3 Kd5 52. Ba6 Kd6 53.
Bb7 Kc7 54. Be4 Kd6 55. Ba8 Kd7 56. Ke5 Kc7 57. Be4 Kd7 58. c4 Kc7 59. Ke6 Kb8
60. Kd7 Ka7 61. Kc7 Bh2 62. Bd3 Bg3 63. Bf1 Be1 64. g4 fxg3 65. Kc6 Bd2 66. Bg2
Bf4 67. Kd5 Kb8 68. Ke4 Bh6 69. Ke5 Kc7 70. f4 Kd7 71. f5 Bg7+ 72. f6 Bf8 73.
Bh3+ Kc7 74. Ke6 Bh6 75. Ke7 Bg5 76. Bg2 Bf4 77. f7 Bg5+ 78. Ke8 Bh6 79. f8=Q
Bxf8 80. Kxf8 Kd6 81. Ke8 Ke5 82. Kd7 Kd4 83. Kc6 Kc3 84. Kxb6 Kxb3 85. Kxc5
Kxa4 1-0

[Event "XV C.to Mondiale seniores"]
[Site "Lignano Sabbiadoro ITA"]
[Date "2005.10.01"]
[Round "4"]
[White "Titz, Heimo"]
[Black "Beltrami, Nerio"]
[Result "1-0"]
[WhiteElo "2184"]
[BlackElo "2045"]
[PlyCount "77"]
[EventDate "2005.09.28"]

1. c4 Nf6 2. Nc3 g6 3. e4 d6 4. d4 Bg7 5. Nf3 O-O 6. Be2 e5 7. Be3 Nc6 8. d5
Ne7 9. Nd2 Nd7 10. O-O f5 11. f3 f4 12. Bf2 g5 13. b4 Rf6 14. c5 Rg6 15. Rc1
Nf6 16. cxd6 cxd6 17. Nb5 Ne8 18. Nc4 b6 19. Nxa7 Rxa7 20. Bxb6 Qd7 21. Na5 Ra8
22. a4 Ba6 23. b5 Bb7 24. Nc6 Nc8 25. Bf2 h5 26. h3 Nf6 27. Rc4 Bh6 28. a5 g4
29. fxg4 hxg4 30. hxg4 Nxg4 31. Bxg4 Rxg4 32. a6 Bxa6 33. bxa6 Rxa6 34. Nb8 Qg7
35. Nxa6 Rxg2+ 36. Kh1 Nb6 37. Rc3 Qg6 38. Qf3 Rg5 39. Rg1 1-0